000 00445nam a2200181Ia 4500
001 20314
005 20260306172757.0
008 260306t1998||||xx |||||||||||||| ||spa||
041 _aESP
082 _a343.1
_bV66
100 _aVillarán, Manuel Vicente
_eAUT
245 0 _aLecciones de derecho constitucional
260 _c1998
300 _axxvii, 714 páginas :
_c21 cm.
650 _aGEN
654 _aCDE
942 _cLIB
_dJUS
_fJUS
_2ddc
_n
999 _c20314
_d20314